|
|
|
|
| LEADER |
00000nam a2200000 a 4500 |
| 001 |
UCW8764 |
| 003 |
CL-VaPUC |
| 008 |
881026e19880000CL |||||||||||||||||spa|d |
| 082 |
0 |
4 |
|a Ch863
|b BLE
|2 21
|
| 100 |
0 |
|
|a Blest Gana, Alberto
|e author
|9 314024
|
| 245 |
1 |
0 |
|a Martín Rivas
|
| 300 |
|
|
|a 2 v
|
| 942 |
|
|
|c BK
|
| 945 |
|
|
|d 19881026 00:00:00
|
| 260 |
|
|
|a Santiago
|b La Nación
|c 1988
|
| 500 |
|
|
|a Se distribuye con diario La Nación
|
| 650 |
|
0 |
|a Novelas chilenas
|9 265425
|
| 583 |
|
|
|a last modification
|c 19881026 00:00:00
|k Rodrigo Vera
|
| 999 |
|
|
|c 221040
|d 221038
|
| 952 |
|
|
|0 0
|1 0
|4 0
|6 CH_863_000000000000000_BLE_1988
|7 0
|8 A
|9 213957
|a BIBEDU
|b BIBEDU
|d 2019-11-15
|h v.1
|i 2823098
|o Ch863 BLE 1988
|p 2823098
|r 2019-11-15
|w 2019-11-15
|y BK
|k LIT
|
| 952 |
|
|
|0 0
|1 0
|4 0
|6 CH_863_000000000000000_BLE_1988
|7 0
|8 A
|9 213958
|a BIBEDU
|b BIBEDU
|d 2019-11-15
|h v.2
|i 2823101
|o Ch863 BLE 1988
|p 2823101
|r 2019-11-15
|w 2019-11-15
|y BK
|k LIT
|